000 01312nam a22002417a 4500
001 2591
005 20260401105848.0
020 _a9781444900941
040 _aFISKH
_beng
_cFISKH
_dFISKH
050 _aPZ7.C83535
082 _a823.92
100 _aCowell, Cressida
245 _aHow to Steal a Dragon's Sword /
_cHow to train your dragon ; Cressida Cowell
250 _aFirst published in Great Britain in 2011 by Hodder & Stoughton
260 _aLondon :
_bHodder Children's Books
_c2011
300 _a362 pages :
_c20 cm
490 _aHow to Train Your Dragon
_vBook 9
505 _aZ
520 _aA dragon rebellion is coming-filled with the meanest, nastiest dragons in the Archipelago. Razor-wings, Tongue twisters, and Vampire Ghoul deaths are attaching Vikings and seem to be seeking one soul in particular: Hiccup Horrendous Haddock the Third! Only a King can save them...and only a champion with all of the King's Lost Things can be King. In his adventures, Hiccup has collected quite a few "things" himself. But can a scrawny Viking save the entire Archipelago from certain doom? To find out, Hiccup will have to outwit a witch, fight his arch-enemy, and beat back an army of bloodthirsty dragons with just one sword.
521 _a910
_bLexile
521 _aZ
_bRaz-Plus
942 _2ddc
_cBK
_n0
999 _c2591
_d2591